Control of water coning in gas reservoirs by injecting gas into the aquifer /

Bibliographic Details
Main Author: Haugen, Sigurd Arild
Format: Thesis eBook
Language:English
Published: [College Station, Tex.] : Haugen, 1980.
Subjects:
Online Access:Link to OAKTrust copy

MARC

Tag First Indicator Second Indicator Subfields
LEADER 00000cam a2200000 i 4500
001 in00000660366
005 20220103114802.0
007 cr unu a
008 801107s1980 txua b 00010 eng d
035 |9 ACZ0487AM 
035 |a (OCoLC)06911417 
040 |a TXA  |c TXA  |d UtOrBLW 
049 |a TXAZ [Also in] [Archives]  |c 1 [1385294], 2 [1385295] 
099 |a 1980  |a Thesis  |a H371 
100 1 |a Haugen, Sigurd Arild. 
245 1 0 |a Control of water coning in gas reservoirs by injecting gas into the aquifer /  |c by Sigurd Arild Haugen. 
264 1 |a [College Station, Tex.] :  |b Haugen,  |c 1980. 
300 |a ix, 59 leaves :  |b illustrations, graphs ;  |c 29 cm. 
336 |a text  |b txt  |2 rdacontent 
337 |a computer  |b c  |2 rdamedia 
338 |a online resource  |b cr  |2 rdacarrier 
500 |a "Major subject: Petroleum Engineering." 
500 |a Vita. 
502 |b M.S.  |c Texas A&M University. 
504 |a Bibliography: leaf 58. 
530 |a Also available online. 
650 0 |a Aquifers. 
650 0 |a Gas wells  |x Mathematical models. 
650 0 |a Natural gas  |x Storage  |x Mathematical models. 
650 0 |a Oil reservoir engineering. 
650 4 |a Major petroleum engineering. 
856 4 1 |u https://hdl.handle.net/1969.1/ETD-TAMU-1980-THESIS-H371  |z Link to OAKTrust copy  |t 0 
999 |a MARS 
999 f f |s 1263e910-2668-34b9-8325-8bb1fe1609df  |i 54768094-8cc5-39eb-931b-5bbe287663da  |t 0 
952 f f |p noncirc  |a Texas A&M University  |b J.J. Pickle Campus  |c High Density Repository  |s HDR  |d Remote Storage  |t 0  |e 1980 Thesis H371  |h Other scheme  |i computer -- online resource  |m A14840998795 
952 f f |a Texas A&M University  |b College Station  |c Electronic Resources  |s www_evans  |d Available Online  |t 0  |e 1980 Thesis H371  |h Other scheme 
998 f f |a 1980 Thesis H371  |t 0  |l Available Online 
998 f f |a 1980 Thesis H371  |t 0  |l Remote Storage